| 000 | 00625nam a2200229Ia 4500 | ||
|---|---|---|---|
| 005 | 20260429112225.0 | ||
| 008 | 260429s9999||||xx |||||||||||||| ||und|| | ||
| 020 | _a9788177545753 | ||
| 041 | _aEnglish | ||
| 082 |
_a632 _bMAN |
||
| 100 | _aManisegaren, S. | ||
| 245 | 0 |
_aPest management in fields crops : _bprinciples and practices / _cS. Manisegaren |
|
| 250 | _a2nd rev. ed. | ||
| 260 |
_aJodhpur : _bAgrobios, _c2024. |
||
| 300 | _a342 p.; hb | ||
| 650 | _a Field crops | ||
| 650 | _a Pest management | ||
| 650 | _a Plant management | ||
| 650 | _aAgriculture | ||
| 700 | _a Soundararajan, R.P. | ||
| 942 | _cTB | ||
| 999 |
_c52984 _d52984 |
||